Biggest Dutch cities by first letter A-Z - Statistics

General Stats
  • This quiz has been taken 93 times
  • The average score is 12 of 24
Answer Stats
Letter Population City % Correct
A 873,338 Amsterdam
100%
R 588,358 Rotterdam
94%
U 308,732 Utrecht
89%
G 202,900 Groningen
88%
D 548,320 Den Haag
86%
E 235,691 Eindhoven
83%
B 150,118 Breda
78%
M 120,227 Maastricht
78%
T 198,885 Tilburg
69%
N 165,690 Nijmegen
68%
H 161,694 Haarlem
63%
Z 129,840 Zwolle
58%
L 124,093 Leiden
54%
O 58,550 Oss
29%
S 79,279 Schiedam
26%
F 12,780 Franeker
25%
Y 7,015 Yerseke
25%
C 67,319 Capelle aan den IJssel
23%
P 81,683 Purmerend
23%
V 73,924 Vlaardingen
18%
K 42,825 Katwijk
12%
I 33,819 IJsselstein
11%
W 44,845 Weert
9%
J 14,688 Julianadorp
6%
No matching quizzes found
Score Distribution
Percent of People with Each Score
Percentile by Number Answered
Your Score History
You have not taken this quiz